[Event "Havana Province-ch sf Fase 1"]
[Site "Havana"]
[Date "2010.05.16"]
[Round "8"]
[White "Quintana Mesoner, Merquiades Ama"]
[Black "Fuentes Garcia, Diosbel Enrique"]
[Result "1/2-1/2"]
[WhiteElo "2186"]
[BlackElo "2128"]
[PlyCount "34"]
[EventDate "2010.05.05"]
[EventType "swiss"]
[EventRounds "9"]
[EventCountry "CUB"]
[EventCategory "1"]
[SourceTitle "EXT 2019"]
[Source "ChessBase"]
[SourceDate "2018.10.10"]
[SourceVersion "1"]
[SourceVersionDate "2018.10.10"]
[SourceQuality "1"]

1. e4 e5 2. Nc3 Nc6 3. g3 g6 4. Bg2 Bg7 5. d3 d6 6. Be3 b6 7. Qd2 Bb7 8. Nge2 Nge7 9. 0-0 0-0 10. h3 f5 11. exf5 Nxf5 12. f4 exf4 13. Bd5+ Kh8 14. Bxf4 Qd7 15. Rae1 Rae8 16. Kh2 a6 17. a3 Nd8 1/2-1/2

[Event "Havana Province-ch sf Fase 1"]
[Site "Havana"]
[Date "2010.05.14"]
[Round "6"]
[White "Quintana Mesoner, Merquiades Ama"]
[Black "Vitier Vazquez, Cristian"]
[Result "1/2-1/2"]
[WhiteElo "2186"]
[BlackElo "2097"]
[PlyCount "52"]
[EventDate "2010.05.05"]
[EventType "swiss"]
[EventRounds "9"]
[EventCountry "CUB"]
[EventCategory "1"]
[SourceTitle "EXT 2019"]
[Source "ChessBase"]
[SourceDate "2018.10.10"]
[SourceVersion "1"]
[SourceVersionDate "2018.10.10"]
[SourceQuality "1"]

1. d4 Nf6 2. Nf3 g6 3. e3 Bg7 4. Bd3 0-0 5. b3 d6 6. 0-0 Nbd7 7. Bb2 e5 8. Nbd2 Re8 9. e4 exd4 10. Bxd4 Nc5 11. Re1 Bg4 12. h3 Bxf3 13. Nxf3 Ncxe4 14. Bxe4 Rxe4 15. Rxe4 Nxe4 16. Bxg7 Kxg7 17. Qd5 Qf6 18. Rd1 Nc3 19. Qxb7 Nxd1 20. Qxa8 Qa1 21. Qxa7 Ne3+ 22. Kh2 Nf1+ 23. Kg1 Ng3+ 24. Kh2 Nf1+ 25. Kg1 Ne3+ 26. Kh2 Nf1+ 1/2-1/2

[Event "Havana Province-ch sf Fase 1"]
[Site "Havana"]
[Date "2010.05.07"]
[Round "2"]
[White "Pozo, Bravo Jiarnnes"]
[Black "Quintana Mesoner, Merquiades Ama"]
[Result "0-1"]
[WhiteElo "2139"]
[BlackElo "2186"]
[PlyCount "95"]
[EventDate "2010.05.05"]
[EventType "swiss"]
[EventRounds "9"]
[EventCountry "CUB"]
[EventCategory "1"]
[SourceTitle "EXT 2019"]
[Source "ChessBase"]
[SourceDate "2018.10.10"]
[SourceVersion "1"]
[SourceVersionDate "2018.10.10"]
[SourceQuality "1"]

1. e4 e6 2. d4 d5 3. Nc3 Nf6 4. e5 Nfd7 5. f4 c5 6. Nf3 Nc6 7. Be3 cxd4 8. Nxd4 Bc5 9. Qd2 0-0 10. 0-0-0 a6 11. h4 Nxd4 12. Bxd4 b5 13. Bxc5 Nxc5 14. Qd4 Qb6 15. Bd3 b4 16. Ne2 a5 17. Kb1 Ba6 18. Bxa6 Rxa6 19. Rh3 Qb5 20. Qe3 Ne4 21. Nd4 Qb7 22. Rf3 Rc8 23. Rd3 Qc7 24. Qe1 Rb6 25. Qc1 a4 26. Ne2 Rc6 27. Nd4 Rc4 28. Ka1 b3 29. c3 Qb6 30. Qd1 bxa2 31. Kxa2 Rb8 32. Qc2 Nc5 33. Rd1 Nb3 34. Rdd3 Qc5 35. f5 Qb6 36. f6 g6 37. h5 Qc7 38. hxg6 hxg6 39. Qe2 Nxd4 40. Rxd4 Qb6 41. Rxc4 Qb3+ 42. Kb1 dxc4 43. Qc2 Qb5 44. Qe2 a3 45. Rf2 Qc5 46. Ka2 Rxb2+ 47. Qxb2 axb2 48. Rxb2 0-1